Success and crisis in national health systems : (Record no. 7411)
[ view plain ]
| 000 -LEADER | |
|---|---|
| fixed length control field | 00555pam a2200181 a 4500 |
| 020 ## - ISBN | |
| International Standard Book Number | 0415012902 (pbk.) |
| 020 ## - ISBN | |
| International Standard Book Number | 0415012899 (hard) |
| 050 00 - LIBRARY OF CONGRESS CALL NUMBER | |
| Classification Number | RA394 |
| Item Number | .S88 1989 |
| 245 00 - TITLE | |
| Title | Success and crisis in national health systems : |
| Remainder of title | a comparative approach / |
| Statement of responsibility, etc | edited by Mark G. Field. |
| 260 ## - PUBLICATION, DISTRIBUTION, ETC.(IMPRINT) | |
| Place of publication, distribution, etc | New York : |
| Name of publisher, distributor, etc | Routledge, |
| Date of publication, distribution, etc | 1989. |
| 300 ## - PHYSICAL DESCRIPTION | |
| Extent | viii, 296 p. : |
| 650 #0 - SUBJECT--TOPIC | |
| Form subdivision | Cross-cultural studies. |
| 650 #0 - SUBJECT--TOPIC | |
| General subdivision | Comparative method. |
| 650 #0 - SUBJECT--TOPIC | |
| Form subdivision | Cross-cultural studies. |
| 650 #0 - SUBJECT--TOPIC | |
| General subdivision | Comparative method. |
| 700 1# - ADDED ENTRY--PERSONAL AUTHOR | |
| Personal Name | Field, Mark G. |
| 942 ## - ADDED ENTRY ELEMENTS(KOHA) | |
| Source of classification or shelving scheme | Library of Congress Classification |
| Koha item type | General circulation |
| Source of classification or shelving scheme | Not for loan | Location (home branch) | Sublocation (holding branch) | Shelving location | Date accessioned | Full call number | Barcode | Koha item type | Public note |
|---|---|---|---|---|---|---|---|---|---|
| Library of Congress Classification | Main Campus Library | Main Campus Library | 28/07/2015 | RA394 .S88 1989 | 2015/004798 | General circulation | amm |